00417nam a2200169Ia 4500003000400000005001700004008004100021020001500062050002500077100001600102245004400118260003500162300002900197440000600226521000700232526000800239OSt20140311163110.0140130s9999 xx 000 0 und d a0439448921 aPZ 7b.B14032Te 2001 aBaglio, Ben cBen M. Baglio.aTerrier in the tinsel / bScholastic,c2001.aNew York : a138 p. :bill. ;c18 cm. v1 aG3 c500